[Event "Karlsruhe Grenke op"]
[Site "Karlsruhe"]
[Date "2024.03.28"]
[Round "1"]
[White "Horvath, Dominik"]
[Black "Henrich, Thomas"]
[Result "1-0"]
[WhiteElo "2534"]
[BlackElo "2115"]
[PlyCount "79"]
[EventDate "2024.03.28"]
[EventType "swiss"]
[EventRounds "9"]
[EventCountry "GER"]
[SourceTitle "CB14_2024"]
[SourceDate "2024.04.01"]
[SourceVersion "1"]
[SourceVersionDate "2024.04.01"]
[SourceQuality "1"]

1. Nf3 Nf6 2. c4 g6 3. Nc3 Bg7 4. e4 d6 5. d4 0-0 6. Be2 Nbd7 7. 0-0 e5 8. Be3 c6 9. d5 c5 10. Ne1 Qe7 11. Kh1 Kh8 12. Rg1 Ng8 13. g4 f6 14. Qd2 Rf7 15. a3 Nf8 16. b4 b6 17. Nf3 h6 18. Ne1 g5 19. Bd1 Ng6 20. Ne2 Nf4 21. Ng3 cxb4 22. axb4 Qc7 23. Rc1 Bf8 24. Nd3 a5 25. c5 Nxd3 26. Qxd3 dxc5 27. bxc5 Bxc5 28. Bxc5 bxc5 29. d6 Qa7 30. Bb3 Rh7 31. Qf3 a4 32. Ba2 Qd7 33. Nf5 Qd8 34. Rgd1 Bxf5 35. Qxf5 Rd7 36. Qe6 Rc8 37. Rd5 Kg7 38. Rdxc5 Rxc5 39. Rxc5 h5 40. Rc7 1-0

[Event "Staufer op 34th"]
[Site "Schwaebisch Gmuend"]
[Date "2024.01.05"]
[Round "7"]
[White "Ruff, Maximilian"]
[Black "Henrich, Thomas"]
[Result "1-0"]
[WhiteElo "2234"]
[BlackElo "2101"]
[PlyCount "67"]
[EventDate "2024.01.02"]
[EventType "swiss"]
[EventRounds "9"]
[EventCountry "GER"]
[SourceTitle "CB02_2024"]
[SourceDate "2024.01.10"]
[SourceVersion "1"]
[SourceVersionDate "2024.01.10"]
[SourceQuality "1"]

1. d4 d5 2. c4 e6 3. Nc3 Bb4 4. a3 Bxc3+ 5. bxc3 dxc4 6. e4 b5 7. a4 Bb7 8. axb5 Bxe4 9. Qa4 Nd7 10. Qxc4 Nb6 11. Qc5 Ne7 12. Ba3 f6 13. Nf3 Ned5 14. Nd2 Bf5 15. g3 Kf7 16. Bg2 Na4 17. Qc4 Naxc3 18. Rc1 Rb8 19. Rxc3 Nxc3 20. Qxc3 Rxb5 21. 0-0 Kg6 22. Bc5 a6 23. Bc6 Rb8 24. g4 Bxg4 25. Qg3 h5 26. h3 f5 27. hxg4 hxg4 28. Qe5 Rh5 29. Qxe6+ Kh7 30. Qe7 Qg8 31. Re1 Qa2 32. Nf1 Rb2 33. d5 Rb1 34. Bd4 1-0

[Event "Heusenstamm Schloss op"]
[Site "Heusenstamm"]
[Date "2023.11.25"]
[Round "5"]
[White "Wortmann, Klaus Peter"]
[Black "Henrich, Thomas"]
[Result "1-0"]
[WhiteElo "1969"]
[BlackElo "2132"]
[PlyCount "109"]
[EventDate "2023.11.23"]
[EventType "swiss"]
[EventRounds "7"]
[EventCountry "GER"]
[SourceTitle "CB50_2023"]
[SourceDate "2023.12.13"]
[SourceVersion "1"]
[SourceVersionDate "2023.12.13"]
[SourceQuality "1"]

1. Nf3 d5 2. e3 Bf5 3. b3 Nf6 4. Bb2 e6 5. d4 Nbd7 6. Nbd2 h6 7. Be2 Bd6 8. 0-0 Qe7 9. c4 c6 10. Ne5 0-0 11. f4 Ne4 12. Nxe4 Bxe4 13. Nxd7 Qxd7 14. c5 Bc7 15. Bc3 Kh7 16. Be1 Rg8 17. Bd3 f5 18. Bxe4 dxe4 19. Qc2 g5 20. Bg3 Rg6 21. Rad1 Rag8 22. Rd2 Qe7 23. Qd1 Qg7 24. Qe2 Qe7 25. Kh1 Kg7 26. Qf2 Kh7 27. Rc2 Qg7 28. Rg1 gxf4 29. Bxf4 Rg4 30. Bxc7 Qxc7 31. Qe1 R8g5 32. g3 h5 33. Rcg2 Rg6 34. Qe2 e5 35. Rf1 Qd7 36. dxe5 h4 37. Rfg1 hxg3 38. Rxg3 Qe6 39. Rxg4 fxg4 40. Qd1 Kh6 41. Qe2 Qf5 42. Rf1 Qxe5 43. Qf2 Qxc5 44. Qf4+ Kh7 45. Qxe4 Qd5 46. Qxd5 cxd5 47. Rd1 Ra6 48. Rd2 Kg6 49. Kg2 Kf5 50. Rxd5+ Ke4 51. Rd2 Kxe3 52. Rf2 Rb6 53. Kg3 Rb4 54. Rf7 Rd4 55. Rxb7 1-0

[Event "Stuttgart op"]
[Site "Ditzingen"]
[Date "2023.05.19"]
[Round "3"]
[White "Dimitrov, Radoslav"]
[Black "Henrich, Thomas"]
[Result "1-0"]
[WhiteElo "2488"]
[BlackElo "2177"]
[PlyCount "81"]
[EventDate "2023.05.18"]
[EventType "swiss"]
[EventRounds "7"]
[EventCountry "GER"]
[SourceTitle "CBM 214 Extra"]
[Source "ChessBase"]
[SourceDate "2023.07.31"]
[SourceVersion "1"]
[SourceVersionDate "2023.07.31"]
[SourceQuality "1"]

1. d4 Nf6 2. Nc3 e6 3. Bg5 Bb4 4. e3 h6 5. Bh4 c5 6. Bd3 Nc6 7. a3 Ba5 8. Nge2 cxd4 9. exd4 0-0 10. Qd2 e5 11. b4 exd4 12. Bxf6 dxc3 13. Bxc3 Bc7 14. Bc4 Qe7 15. Bd5 Be5 16. 0-0 d6 17. f4 Bxc3 18. Nxc3 Bf5 19. Bf3 Be6 20. Rad1 Rac8 21. Rfe1 Qc7 22. Ne4 d5 23. Nc5 Nd8 24. Bxd5 Bxd5 25. Qxd5 Nc6 26. Qd7 Qxf4 27. Qxb7 a5 28. Re4 Qg5 29. c3 axb4 30. axb4 Ne5 31. Rf1 Rcd8 32. Re2 Nc4 33. Qe7 Qh5 34. Rfe1 Nd6 35. Nd7 Rfe8 36. Qxd6 Rxe2 37. Nf6+ gxf6 38. Qxd8+ Kg7 39. Qd1 Rxe1+ 40. Qxe1 Qb5 41. h3 1-0

[Event "Oberliga Ost-B 2122"]
[Site "Germany"]
[Date "2022.07.02"]
[Round "6.4"]
[White "Glaessl, Matthias"]
[Black "Henrich, Thomas"]
[Result "1-0"]
[WhiteElo "2164"]
[BlackElo "2118"]
[PlyCount "137"]
[EventDate "2021.10.10"]
[EventType "team-tourn"]
[EventRounds "11"]
[EventCountry "GER"]
[SourceTitle "EXT 2023"]
[Source "ChessBase"]
[SourceDate "2022.10.05"]
[SourceVersion "1"]
[SourceVersionDate "2022.10.05"]
[SourceQuality "1"]
[WhiteTeam "Gera"]
[BlackTeam "Marburg"]
[WhiteTeamCountry "GER"]
[BlackTeamCountry "GER"]

1. e4 e6 2. d4 d5 3. Nc3 Bb4 4. exd5 exd5 5. Bd3 Nc6 6. Nge2 Qf6 7. 0-0 Nge7 8. Be3 0-0 9. Ng3 Bxc3 10. bxc3 Ng6 11. Qh5 Nce7 12. Rfe1 h6 13. Bd2 Be6 14. Qd1 Nf4 15. Nh5 Nxh5 16. Qxh5 Nf5 17. Re5 g6 18. Qf3 Qg7 19. Rae1 Rae8 20. Bxf5 gxf5 21. Qf4 Kh7 22. R5e3 Rg8 23. Rg3 Qf6 24. Qxc7 Rc8 25. Qf4 Rxg3 26. hxg3 Qg5 27. Rb1 Qxf4 28. Bxf4 b6 29. Bd2 Rc4 30. Rb4 Rxb4 31. cxb4 b5 32. f3 Kg6 33. Kh2 h5 34. Bf4 f6 35. Kg1 a6 36. Kf2 Kf7 37. Ke3 Kg6 38. Kd2 Kf7 39. Kc3 Kg6 40. Kb3 Kf7 41. a4 Kg6 42. a5 Kf7 43. Kc3 Ke7 44. Kd3 Kf7 45. Ke3 Kg6 46. Bd6 Kf7 47. Bc7 Kg6 48. Bd6 Kf7 49. c3 Kg6 50. c4 dxc4 51. d5 Bxd5 52. Kd4 Bb7 53. Kc5 f4 54. Bxf4 Kf5 55. Be3 c3 56. Kb6 Bd5 57. Kxa6 Bc4 58. Kb6 Bf1 59. a6 Bxg2 60. Kxb5 Bxf3 61. Kc5 Ke6 62. b5 Kd7 63. b6 c2 64. b7 Bxb7 65. axb7 Kc7 66. Kd5 Kxb7 67. Ke6 Kc6 68. Kxf6 Kd5 69. Kf5 1-0

[Event "Oberliga Ost-B 1920"]
[Site "Germany"]
[Date "2020.03.01"]
[Round "9.4"]
[White "Henrich, Thomas"]
[Black "Braun, Vitali"]
[Result "1-0"]
[WhiteElo "2141"]
[BlackElo "2356"]
[PlyCount "75"]
[EventDate "2019.09.29"]
[EventType "team-tourn"]
[EventRounds "11"]
[EventCountry "GER"]
[SourceTitle "EXT 2023"]
[Source "ChessBase"]
[SourceDate "2022.10.05"]
[SourceVersion "1"]
[SourceVersionDate "2022.10.05"]
[SourceQuality "1"]
[WhiteTeam "Marburg"]
[BlackTeam "Griesheim"]
[WhiteTeamCountry "GER"]
[BlackTeamCountry "GER"]

1. e4 e6 2. d4 d5 3. Nc3 Nf6 4. Bg5 Bb4 5. e5 h6 6. Bd2 Bxc3 7. bxc3 Ne4 8. Qg4 Kf8 9. Nf3 c5 10. Bd3 Nxd2 11. Kxd2 c4 12. Be2 Nc6 13. Rhb1 Rb8 14. a4 Bd7 15. h4 Qe7 16. h5 Rg8 17. Qf4 Ke8 18. g4 Kd8 19. g5 hxg5 20. Nxg5 f6 21. exf6 gxf6 22. Nf3 e5 23. Qh2 Kc7 24. Rg1 Bf5 25. dxe5 fxe5 26. Qh4 Qd6 27. Rab1 Rbf8 28. Rg5 Qh6 29. Rbg1 Be4 30. Kd1 Rxg5 31. Qxg5 Qf6 32. Qxf6 Rxf6 33. Rg7+ Kb6 34. Ng5 Rxf2 35. Nxe4 dxe4 36. h6 Rh2 37. h7 Kc5 38. Bg4 1-0

[Event "Pfalz op-A 11th"]
[Site "Neustadt an der Weinstrasse"]
[Date "2020.02.23"]
[Round "4"]
[White "Fuchs, Florian"]
[Black "Henrich, Thomas"]
[Result "1-0"]
[WhiteElo "2314"]
[BlackElo "2141"]
[PlyCount "45"]
[EventDate "2020.02.21"]
[EventType "swiss"]
[EventRounds "9"]
[EventCountry "GER"]
[SourceTitle "CBM 195 Extra"]
[Source "ChessBase"]
[SourceDate "2020.05.31"]
[SourceVersion "1"]
[SourceVersionDate "2020.05.31"]
[SourceQuality "1"]

1. e4 e6 2. d4 d5 3. Nc3 Bb4 4. exd5 exd5 5. Bd3 Nc6 6. Nf3 Bg4 7. 0-0 Nxd4 8. Qe1+ Ne6 9. Ne5 Bh5 10. f4 d4 11. f5 dxc3 12. bxc3 Bc5+ 13. Kh1 Ne7 14. fxe6 f5 15. Qh4 Bg6 16. Nd7 Bd6 17. Bg5 h6 18. Rae1 Rg8 19. Bxh6 Nd5 20. Bg5 Be7 21. Bxf5 Bxf5 22. Rxf5 Bxg5 23. Qh5+ 1-0

[Event "Heusenstamm Sparkassen op-A 6th"]
[Site "Heusenstamm"]
[Date "2019.11.23"]
[Round "4"]
[White "Henrich, Thomas"]
[Black "Schmidbauer, Frank"]
[Result "0-1"]
[WhiteElo "2163"]
[BlackElo "2040"]
[PlyCount "54"]
[EventDate "2019.11.21"]
[EventType "swiss"]
[EventRounds "7"]
[EventCountry "GER"]
[SourceTitle "CBM 194 Extra"]
[Source "ChessBase"]
[SourceDate "2020.03.31"]
[SourceVersion "1"]
[SourceVersionDate "2020.03.31"]
[SourceQuality "1"]

1. e4 d6 2. d4 Nf6 3. Nc3 e5 4. Nf3 Nbd7 5. Bc4 Be7 6. 0-0 Nb6 7. Bb3 exd4 8. Qxd4 0-0 9. a4 a5 10. Bf4 Nfd7 11. Rfd1 Nc5 12. Bc4 Nxc4 13. Qxc4 Be6 14. Qe2 Qc8 15. Nd4 Bf6 16. Qe3 Re8 17. Ndb5 Nd7 18. Bg5 Bxg5 19. Qxg5 f6 20. Qh4 Qd8 21. f4 Rc8 22. Rd3 Nc5 23. Rg3 f5 24. Qh6 Qe7 25. exf5 Bxf5 26. Nd5 Qf7 27. Qg5 Ne4 0-1

[Event "Heusenstamm Sparkassen op-A 6th"]
[Site "Heusenstamm"]
[Date "2019.11.22"]
[Round "3"]
[White "Kunin, Vitaly L"]
[Black "Henrich, Thomas"]
[Result "1-0"]
[WhiteElo "2549"]
[BlackElo "2163"]
[PlyCount "73"]
[EventDate "2019.11.21"]
[EventType "swiss"]
[EventRounds "7"]
[EventCountry "GER"]
[SourceTitle "CBM 193 Extra"]
[Source "ChessBase"]
[SourceDate "2020.01.31"]
[SourceVersion "1"]
[SourceVersionDate "2020.01.31"]
[SourceQuality "1"]

1. d4 Nf6 2. c4 c5 3. d5 b5 4. cxb5 a6 5. b6 Qxb6 6. Nc3 e5 7. e4 d6 8. Be2 Be7 9. Nf3 Nbd7 10. 0-0 0-0 11. Nd2 Ne8 12. a4 Bg5 13. Nc4 Qd8 14. a5 Rb8 15. Bxg5 Qxg5 16. Ra3 Qe7 17. Rb3 Rb4 18. Rxb4 cxb4 19. Na2 Nc5 20. Nxb4 Nxe4 21. Nb6 Bb7 22. Bxa6 Bxa6 23. Nxa6 Qa7 24. Qe2 N8f6 25. Rc1 Nc5 26. Nxc5 dxc5 27. Rxc5 Qe7 28. b4 e4 29. Nc4 Rb8 30. h3 Rxb4 31. Rc8+ Ne8 32. Nd6 Rb1+ 33. Qf1 Rxf1+ 34. Kxf1 Kf8 35. Rxe8+ Qxe8 36. Nxe8 Kxe8 37. a6 1-0

[Event "Oberliga Ost-B 1920"]
[Site "Germany"]
[Date "2019.11.16"]
[Round "2.3"]
[White "Henrich, Thomas"]
[Black "Dubiel, Jacek"]
[Result "1/2-1/2"]
[WhiteElo "2141"]
[BlackElo "2417"]
[PlyCount "52"]
[EventDate "2019.09.29"]
[EventType "team-tourn"]
[EventRounds "11"]
[EventCountry "GER"]
[SourceTitle "EXT 2021"]
[Source "ChessBase"]
[SourceDate "2020.10.23"]
[SourceVersion "1"]
[SourceVersionDate "2020.10.23"]
[SourceQuality "1"]
[WhiteTeam "Marburg"]
[BlackTeam "Oberursel"]
[WhiteTeamCountry "GER"]
[BlackTeamCountry "GER"]

1. e4 c5 2. Nf3 e6 3. d4 cxd4 4. Nxd4 Nf6 5. Nc3 Nc6 6. Ndb5 d6 7. Bf4 e5 8. Bg5 a6 9. Na3 Be6 10. Nc4 Rb8 11. Ne3 Be7 12. g3 0-0 13. Bxf6 Bxf6 14. Bg2 Bg5 15. Ncd5 Ne7 16. 0-0 Nxd5 17. Nxd5 f5 18. exf5 Bxf5 19. Re1 Kh8 20. Ne3 Qb6 21. b3 Be6 22. Qd3 Rf7 23. Rad1 Be7 24. Bd5 Bxd5 25. Qxd5 Rbf8 26. Rd2 Bg5 1/2-1/2

[Event "Oberliga Ost-B 1920"]
[Site "Germany"]
[Date "2019.09.29"]
[Round "1.4"]
[White "Skliarov, Viktor"]
[Black "Henrich, Thomas"]
[Result "1-0"]
[WhiteElo "2375"]
[BlackElo "2141"]
[PlyCount "55"]
[EventDate "2019.09.29"]
[EventType "team-tourn"]
[EventRounds "11"]
[EventCountry "GER"]
[SourceTitle "EXT 2021"]
[Source "ChessBase"]
[SourceDate "2020.10.23"]
[SourceVersion "1"]
[SourceVersionDate "2020.10.23"]
[SourceQuality "1"]
[WhiteTeam "Bad Emstal/Wolfhagen"]
[BlackTeam "Marburg"]
[WhiteTeamCountry "GER"]
[BlackTeamCountry "GER"]

1. e4 e6 2. d4 d5 3. e5 b6 4. c3 Qd7 5. Bd3 Ba6 6. Bc2 Ne7 7. Ne2 c5 8. 0-0 Nbc6 9. Re1 cxd4 10. Nxd4 Nxd4 11. cxd4 Nc6 12. Nc3 Rc8 13. Ba4 Bb4 14. Qg4 Kf8 15. Be3 Bd3 16. Rac1 b5 17. Qd1 Bxc3 18. Rxc3 Nb4 19. Bb3 Bc4 20. Bd2 Nc6 21. Rg3 Bxb3 22. Qxb3 Ne7 23. Bb4 a6 24. Qa3 Rc6 25. Rc3 Rc4 26. Rec1 f5 27. b3 Rxc3 28. Rxc3 1-0

[Event "Wiesbaden op 31st"]
[Site "Wiesbaden"]
[Date "2019.08.24"]
[Round "5"]
[White "Henrich, Thomas"]
[Black "Reitz, Philipp"]
[Result "0-1"]
[WhiteElo "2150"]
[BlackElo "2061"]
[PlyCount "26"]
[EventDate "2019.08.22"]
[EventType "swiss"]
[EventRounds "7"]
[EventCountry "GER"]
[SourceTitle "EXT 2020"]
[Source "ChessBase"]
[SourceDate "2019.10.17"]
[SourceVersion "1"]
[SourceVersionDate "2019.10.17"]
[SourceQuality "1"]

1. e4 c5 2. Nf3 e6 3. d4 cxd4 4. Nxd4 Nc6 5. Nc3 Qc7 6. Be3 a6 7. Qf3 Nf6 8. 0-0-0 Nxd4 9. Bxd4 e5 10. Qg3 d6 11. Be3 Be6 12. f4 Rc8 13. f5 Nxe4 0-1

[Event "Wiesbaden op 31st"]
[Site "Wiesbaden"]
[Date "2019.08.22"]
[Round "1"]
[White "Henrich, Thomas"]
[Black "Rabiya, Karim"]
[Result "1-0"]
[WhiteElo "2150"]
[BlackElo "1797"]
[PlyCount "43"]
[EventDate "2019.08.22"]
[EventType "swiss"]
[EventRounds "7"]
[EventCountry "GER"]
[SourceTitle "EXT 2020"]
[Source "ChessBase"]
[SourceDate "2019.10.17"]
[SourceVersion "1"]
[SourceVersionDate "2019.10.17"]
[SourceQuality "1"]

1. e4 Nf6 2. e5 Nd5 3. Nf3 d6 4. d4 c5 5. dxc5 Qa5+ 6. Nbd2 dxe5 7. Nxe5 Nc6 8. Nd3 Bf5 9. Qf3 e6 10. c3 Bxc5 11. Nb3 Nd4 12. Nxa5 Nxf3+ 13. gxf3 Bxd3 14. Bxd3 0-0-0 15. Nb3 Bb6 16. Be4 f5 17. Bxd5 Rxd5 18. Be3 Rhd8 19. Bxb6 axb6 20. f4 g5 21. fxg5 e5 22. Ke2 1-0

[Event "Vellmar op 11th"]
[Site "Vellmar"]
[Date "2019.07.06"]
[Round "5"]
[White "Henrich, Thomas"]
[Black "Hahn, Markus"]
[Result "0-1"]
[WhiteElo "2139"]
[BlackElo "2290"]
[PlyCount "84"]
[EventDate "2019.07.04"]
[EventType "swiss"]
[EventRounds "7"]
[EventCountry "GER"]
[SourceTitle "CBM 191 Extra"]
[Source "ChessBase"]
[SourceDate "2019.09.30"]
[SourceVersion "1"]
[SourceVersionDate "2019.09.30"]
[SourceQuality "1"]

1. e4 c5 2. Nf3 e6 3. d4 cxd4 4. Nxd4 a6 5. Nc3 Qc7 6. Bd3 Nf6 7. Qf3 Nc6 8. Nxc6 dxc6 9. Qg3 e5 10. a4 Be6 11. 0-0 h5 12. Bg5 Nd7 13. h4 Bc5 14. Be3 Bxe3 15. Qxe3 a5 16. Ne2 Qd8 17. Qg3 Qf6 18. f4 Bg4 19. Kh2 0-0 20. f5 Nc5 21. Nc1 Rfd8 22. Qe1 Rd4 23. g3 Rxa4 24. Rxa4 Nxa4 25. b3 Nc5 26. Qc3 Qd6 27. Qe1 Qd4 28. f6 g6 29. Qd2 Kh7 30. Re1 Rd8 31. Qg2 Rd6 32. Rf1 Qe3 33. Qf2 Qxf2+ 34. Rxf2 Nd7 35. Bc4 Kg8 36. b4 axb4 37. Nd3 b5 38. Bb3 c5 39. Bd5 Be6 40. Bxe6 Rxe6 41. Rf1 Rd6 42. Ra1 b3 0-1

[Event "Vellmar op 11th"]
[Site "Vellmar"]
[Date "2019.07.06"]
[Round "4"]
[White "Rempel, Patrick"]
[Black "Henrich, Thomas"]
[Result "0-1"]
[WhiteElo "2119"]
[BlackElo "2139"]
[PlyCount "76"]
[EventDate "2019.07.04"]
[EventType "swiss"]
[EventRounds "7"]
[EventCountry "GER"]
[SourceTitle "CBM 191 Extra"]
[Source "ChessBase"]
[SourceDate "2019.09.30"]
[SourceVersion "1"]
[SourceVersionDate "2019.09.30"]
[SourceQuality "1"]

1. d4 Nf6 2. c4 c5 3. d5 b5 4. cxb5 a6 5. e3 g6 6. Nf3 Bg7 7. Nc3 0-0 8. Be2 d6 9. 0-0 axb5 10. Bxb5 Qb6 11. a4 Bf5 12. Ra3 Na6 13. Nd2 Nb4 14. e4 Bd7 15. Nc4 Qb7 16. Bg5 Bxb5 17. axb5 h6 18. Bh4 g5 19. Bg3 Nd7 20. h4 Rxa3 21. Nxa3 gxh4 22. Bxh4 Ne5 23. Qh5 Ng6 24. Bg3 Nd3 25. Qe2 Ndf4 26. Qd2 Be5 27. Rc1 Qd7 28. Nc4 Qg4 29. Nxe5 dxe5 30. Bxf4 Nxf4 31. f3 Qg5 32. Kf1 Kh7 33. Nd1 Rg8 34. Rxc5 Qh4 35. Ne3 Qh1+ 36. Kf2 Nxg2 37. Ng4 Nf4 38. Rc1 Qxc1 0-1

[Event "Vellmar op 11th"]
[Site "Vellmar"]
[Date "2019.07.05"]
[Round "2"]
[White "Ehrlich, Kay"]
[Black "Henrich, Thomas"]
[Result "0-1"]
[WhiteElo "2006"]
[BlackElo "2139"]
[PlyCount "102"]
[EventDate "2019.07.04"]
[EventType "swiss"]
[EventRounds "7"]
[EventCountry "GER"]
[SourceTitle "CBM 191 Extra"]
[Source "ChessBase"]
[SourceDate "2019.09.30"]
[SourceVersion "1"]
[SourceVersionDate "2019.09.30"]
[SourceQuality "1"]

1. e4 e6 2. d4 d5 3. Nd2 Nf6 4. e5 Nfd7 5. Bd3 c5 6. c3 b6 7. Ne2 Ba6 8. Nf3 Bxd3 9. Qxd3 Nc6 10. Bd2 Be7 11. 0-0 c4 12. Qc2 b5 13. b3 Nb6 14. Rfb1 a6 15. h3 0-0 16. Nf4 Qd7 17. Nh5 f6 18. exf6 gxf6 19. Re1 Rae8 20. Bh6 Rf7 21. Re3 Bd6 22. Rae1 Nd8 23. Ne5 fxe5 24. Rg3+ Kh8 25. Bg7+ Rxg7 26. Rxg7 Qxg7 27. Nxg7 Kxg7 28. dxe5 Bc5 29. b4 Be7 30. Re3 Nf7 31. Qe2 Bg5 32. Rg3 d4 33. cxd4 Nd5 34. h4 c3 35. Qc2 Rc8 36. a3 a5 37. hxg5 Nh8 38. bxa5 b4 39. Qa4 Rc7 40. Qc2 b3 41. Qxb3 c2 42. a6 c1Q+ 43. Kh2 Ng6 44. Qb5 Qf4 45. Qa5 Qxd4 46. Rb3 Qh4+ 47. Rh3 Qxf2 48. Rb3 Qf4+ 49. Rg3 Rc3 50. Qxc3 Nxc3 51. a7 Ne2 0-1

[Event "Vellmar op 11th"]
[Site "Vellmar"]
[Date "2019.07.05"]
[Round "3"]
[White "Henrich, Thomas"]
[Black "Yaghy, Ritta"]
[Result "1/2-1/2"]
[WhiteElo "2139"]
[BlackElo "1912"]
[PlyCount "47"]
[EventDate "2019.07.04"]
[EventType "swiss"]
[EventRounds "7"]
[EventCountry "GER"]
[SourceTitle "CBM 191 Extra"]
[Source "ChessBase"]
[SourceDate "2019.09.30"]
[SourceVersion "1"]
[SourceVersionDate "2019.09.30"]
[SourceQuality "1"]

1. e4 c5 2. Nf3 d6 3. d4 cxd4 4. Nxd4 Nf6 5. Nc3 a6 6. Be3 e5 7. Nb3 Be6 8. f3 Be7 9. Qd2 Nbd7 10. 0-0-0 0-0 11. g4 b5 12. g5 b4 13. Ne2 Ne8 14. f4 a5 15. f5 a4 16. Nbd4 exd4 17. Nxd4 b3 18. Kb1 bxc2+ 19. Nxc2 Bb3 20. axb3 axb3 21. Na3 Ne5 22. h4 Ra4 23. Bd4 Qa8 24. Bg2 1/2-1/2

[Event "Rhein Main op-A 22nd"]
[Site "Bad Homburg"]
[Date "2019.06.22"]
[Round "6"]
[White "Zuferi, Enis"]
[Black "Henrich, Thomas"]
[Result "1-0"]
[WhiteElo "2302"]
[BlackElo "2142"]
[PlyCount "65"]
[EventDate "2019.06.19"]
[EventType "swiss"]
[EventRounds "9"]
[EventCountry "GER"]
[SourceTitle "EXT 2020"]
[Source "ChessBase"]
[SourceDate "2019.10.17"]
[SourceVersion "1"]
[SourceVersionDate "2019.10.17"]
[SourceQuality "1"]

1. Nf3 Nf6 2. c4 g6 3. Nc3 Bg7 4. e4 d6 5. d4 0-0 6. Be2 Na6 7. Bf4 c5 8. d5 Nc7 9. 0-0 a6 10. a4 Rb8 11. h3 Bd7 12. a5 b5 13. axb6 Rxb6 14. Qc2 e5 15. dxe6 Nxe6 16. Bh2 Nd4 17. Nxd4 cxd4 18. Nd5 Nxd5 19. exd5 Qb8 20. c5 Rxb2 21. Qd1 Rxe2 22. Qxe2 Bb5 23. Qf3 Bxf1 24. Bxd6 Qb5 25. Rxf1 Rd8 26. Re1 Qc4 27. g4 d3 28. Re7 f6 29. Qe3 Rf8 30. Qe6+ Kh8 31. Re8 Qd4 32. Bxf8 d2 33. Be7+ 1-0

[Event "Rhein Main op-A 22nd"]
[Site "Bad Homburg"]
[Date "2019.06.20"]
[Round "3"]
[White "Henrich, Thomas"]
[Black "Milov, Leonid"]
[Result "0-1"]
[WhiteElo "2142"]
[BlackElo "2475"]
[PlyCount "78"]
[EventDate "2019.06.19"]
[EventType "swiss"]
[EventRounds "9"]
[EventCountry "GER"]
[SourceTitle "EXT 2020"]
[Source "ChessBase"]
[SourceDate "2019.10.17"]
[SourceVersion "1"]
[SourceVersionDate "2019.10.17"]
[SourceQuality "1"]

1. e4 c5 2. Nf3 e6 3. d4 cxd4 4. Nxd4 Nc6 5. Nc3 Qc7 6. Be3 a6 7. Qf3 Nf6 8. 0-0-0 h5 9. Qg3 Qxg3 10. hxg3 Ng4 11. Be2 Nxe3 12. fxe3 g6 13. Nxc6 bxc6 14. g4 h4 15. g3 h3 16. Rh2 Rb8 17. Rdh1 Bg7 18. Rxh3 Rxh3 19. Rxh3 c5 20. Na4 d6 21. b3 Bb7 22. Bd3 Ke7 23. Nb2 Rh8 24. Rxh8 Bxh8 25. Nc4 Bc3 26. Nd2 Be5 27. Nf1 Kf6 28. Kd2 Kg5 29. Be2 Bxe4 30. Bxa6 Kxg4 31. Be2+ Kh3 32. c3 Bxg3 33. Nxg3 Kxg3 34. b4 Kf2 35. b5 g5 36. a4 f5 37. b6 g4 38. Ba6 g3 39. b7 g2 0-1

[Event "Hessen-ch"]
[Site "Frankfurt"]
[Date "2019.06.02"]
[Round "9"]
[White "Henrich, Thomas"]
[Black "Lesny, Florian"]
[Result "0-1"]
[WhiteElo "2142"]
[BlackElo "2126"]
[PlyCount "46"]
[EventDate "2019.05.29"]
[EventType "swiss"]
[EventRounds "9"]
[EventCountry "GER"]
[SourceTitle "EXT 2020"]
[Source "ChessBase"]
[SourceDate "2019.10.17"]
[SourceVersion "1"]
[SourceVersionDate "2019.10.17"]
[SourceQuality "1"]

1. e4 c5 2. Nf3 d6 3. d4 cxd4 4. Nxd4 Nf6 5. Nc3 a6 6. Be3 e5 7. Nb3 Be6 8. f3 Be7 9. g4 Nfd7 10. Qd2 Nb6 11. 0-0-0 Qc7 12. Rg1 N8d7 13. Kb1 Rc8 14. Rg2 Nc4 15. Bxc4 Bxc4 16. Nd5 Bxd5 17. Qxd5 b5 18. g5 Nc5 19. f4 Nxb3 20. axb3 exf4 21. Bxf4 0-0 22. Bxd6 Bxd6 23. Qxd6 Rfd8 0-1

[Event "Hessen-ch"]
[Site "Frankfurt"]
[Date "2019.06.01"]
[Round "7"]
[White "Rubsamen, Cornelius"]
[Black "Henrich, Thomas"]
[Result "1-0"]
[WhiteElo "2208"]
[BlackElo "2142"]
[PlyCount "83"]
[EventDate "2019.05.29"]
[EventType "swiss"]
[EventRounds "9"]
[EventCountry "GER"]
[SourceTitle "EXT 2020"]
[Source "ChessBase"]
[SourceDate "2019.10.17"]
[SourceVersion "1"]
[SourceVersionDate "2019.10.17"]
[SourceQuality "1"]

1. e4 c6 2. d4 d5 3. e5 Bf5 4. Nf3 e6 5. Be2 Nd7 6. 0-0 Ne7 7. Nbd2 h6 8. Nb3 g5 9. Be3 Bg6 10. a4 Nf5 11. Bd2 f6 12. Bd3 fxe5 13. dxe5 c5 14. c4 Nb6 15. Ba5 dxc4 16. Bxb6 Qxb6 17. Bxc4 Be7 18. a5 Qc6 19. a6 b5 20. Bd3 Rd8 21. Qe2 c4 22. Be4 Qb6 23. Nbd4 Rxd4 24. Nxd4 Qxd4 25. Bc6+ Kf7 26. Bxb5 Rb8 27. Rfd1 Qc5 28. Bxc4 Nd4 29. Qg4 Qxc4 30. Rxd4 Qc6 31. h4 Bc5 32. Rc1 Rxb2 33. hxg5 h5 34. Qf4+ Bf5 35. Rdc4 Rb5 36. g6+ Kg7 37. Qh4 Kh6 38. g7 Kxg7 39. Rxc5 Rxc5 40. Qe7+ Kh6 41. Rxc5 Qxa6 42. Qf6+ 1-0

[Event "Karlsruhe Grenke op"]
[Site "Karlsruhe"]
[Date "2019.04.19"]
[Round "3"]
[White "Henrich, Thomas"]
[Black "Shvayger, Yuliya"]
[Result "0-1"]
[WhiteElo "2170"]
[BlackElo "2366"]
[PlyCount "70"]
[EventDate "2019.04.18"]
[EventType "swiss"]
[EventRounds "9"]
[EventCountry "GER"]
[SourceTitle "CBM 189 Extra"]
[Source "ChessBase"]
[SourceDate "2019.06.03"]
[SourceVersion "1"]
[SourceVersionDate "2019.06.03"]
[SourceQuality "1"]

1. d4 Nf6 2. c4 e6 3. Nc3 Bb4 4. Nf3 0-0 5. g3 d5 6. Bg2 dxc4 7. 0-0 Nbd7 8. Qa4 a5 9. a3 Nb6 10. Qc2 Bxc3 11. Qxc3 Bd7 12. Ne5 Nfd5 13. Qc2 Ba4 14. Qd2 f6 15. Nf3 f5 16. e4 fxe4 17. Ne5 Nf6 18. Re1 Qd5 19. Qc3 Rad8 20. Be3 Bb3 21. Rac1 c5 22. Qxa5 cxd4 23. Bd2 Nc8 24. Bh3 Nd6 25. Bb4 b5 26. Ng4 Rd7 27. Qb6 h5 28. Nxf6+ gxf6 29. Bxd6 Rxd6 30. Qc7 f5 31. Qe7 Rd7 32. Qg5+ Rg7 33. Qxh5 d3 34. Rf1 d2 35. Ra1 Rd8 0-1